000 01122cam a22003377a 4500
003 CHAP
005 20220329142216.0
008 000218d1999 mx r 00110 spa d
010 _a79951
011 _a80923
035 _a91380
040 _cCHAP
090 _aTesis
100 0 0 _aAlvarez Posada, Patricia.
_94962
245 1 0 _aNeoliberalismo y legislación agraria en México
_c/por Patricia Alvarez Posada
260 _aChapingo, Méx. :
_bEl autor,
_c1999.
300 _a158 h.
502 _aTesis (M.. en Sociología Rural) -- UACH. Departamento de Sociología Rural
590 _aALEPH
_b10
_c20130110
_lUCH01
_h1434
590 _aBATCH-UPD
_b10
_c20130110
_lUCH01
_h0751
590 _aCONVERSION
_b10
_c20130109
_lUCH01
_h1344
650 1 4 _aAgricultura
_xLeyes.
_91720
650 1 4 _aNeoliberalismo.
_980855
650 1 4 _aTierras
_xTenencia
_xLeyes.
_9113179
901 _aBK
905 _aLilia Sánchez G.
942 _cFOLL
949 _bBC
_cTES
_d33724000748778
_eTS2
_fc.2
_h35230
_i91380
_si
949 _bBC
_cTES
_d33724002012827
_eTS2
_fc.3
_h35231
_i91380
_si
949 _bBC
_cTES
_d913801
_eTS1
_h35229
_i91380
_sb
999 _c79951
_d79951